[Event "Titled Tuesday intern op 04th Jul Late"]
[Site "Chess.com INT"]
[Date "2023.07.04"]
[Round "6"]
[White "He, Anthony B"]
[Black "Prem, Pranav"]
[Result "1-0"]
[WhiteElo "2501"]
[BlackElo "2050"]
[PlyCount "99"]
[EventDate "2023.07.04"]
[EventType "swiss (blitz)"]
[EventRounds "11"]
[EventCountry "USA"]
[SourceTitle "EXT 2024"]
[Source "ChessBase"]
[SourceDate "2023.10.10"]
[SourceVersion "1"]
[SourceVersionDate "2023.10.10"]
[SourceQuality "1"]

1. d4 d5 2. Nc3 Nf6 3. Bf4 e6 4. Nb5 Na6 5. e3 Be7 6. Nf3 0-0 7. Be2 c5 8. 0-0 Bd7 9. c3 Ne4 10. a4 Bc6 11. Ne5 Be8 12. h3 f6 13. Nf3 Bh5 14. Bh2 Nd6 15. Qb3 c4 16. Qd1 Nc7 17. Nxc7 Qxc7 18. Nd2 Bxe2 19. Qxe2 Qb6 20. Rfb1 Rac8 21. e4 dxe4 22. Bxd6 Qxd6 23. Nxe4 Qd5 24. Nd2 a6 25. a5 Bd8 26. Ra4 Bxa5 27. Nxc4 Bc7 28. Nd2 e5 29. Re1 Rfe8 30. Nf3 e4 31. Nd2 f5 32. Rc4 Bf4 33. Rxc8 Rxc8 34. Nf1 Re8 35. Rd1 Bh6 36. c4 Qd7 37. d5 f4 38. Qh5 e3 39. fxe3 fxe3 40. Re1 Re4 41. b3 b5 42. Ng3 Re7 43. c5 Bf4 44. Ne2 Be5 45. d6 Re8 46. Rf1 g6 47. Qf3 Bg7 48. Qd5+ Kh8 49. Rf7 Qe6 50. d7 1-0

[Event "Titled Tuesday intern op 04th Jul Late"]
[Site "Chess.com INT"]
[Date "2023.07.04"]
[Round "4"]
[White "Prem, Pranav"]
[Black "Kushko, Dmitriy"]
[Result "1/2-1/2"]
[WhiteElo "2050"]
[BlackElo "2426"]
[PlyCount "141"]
[EventDate "2023.07.04"]
[EventType "swiss (blitz)"]
[EventRounds "11"]
[EventCountry "USA"]
[SourceTitle "EXT 2024"]
[Source "ChessBase"]
[SourceDate "2023.10.10"]
[SourceVersion "1"]
[SourceVersionDate "2023.10.10"]
[SourceQuality "1"]

1. d4 g6 2. c4 Bg7 3. Nf3 d6 4. Nc3 e5 5. d5 a5 6. e4 Na6 7. Be2 Ne7 8. 0-0 0-0 9. a3 Nc5 10. b3 f5 11. Nd2 Bh6 12. Qc2 Kg7 13. Rb1 Ng8 14. b4 axb4 15. axb4 Nxe4 16. Ndxe4 fxe4 17. Nxe4 Bf5 18. Bb2 Nf6 19. Bd3 Kg8 20. Rbe1 Nh5 21. c5 Nf4 22. Bc4 Qh4 23. f3 Qe7 24. Ra1 Kh8 25. Kh1 Bg7 26. Bc3 Nh5 27. Qb2 Rxa1 28. Rxa1 Bxe4 29. fxe4 dxc5 30. Re1 b6 31. Qd2 Qh4 32. Kg1 Nf6 33. Bxe5 Nxe4 34. Bxg7+ Kxg7 35. Qe2 Nd6 36. bxc5 bxc5 37. Bd3 c4 38. Bc2 Rf7 39. Qe5+ Qf6 40. g3 Qxe5 41. Rxe5 Kf6 42. Re6+ Kg7 43. Kg2 Rf8 44. Re7+ Rf7 45. Re6 Kf8 46. h3 Re7 47. Rf6+ Kg7 48. Rf2 Re5 49. Rd2 Re3 50. Kf2 Ra3 51. Re2 c3 52. Re7+ Kf6 53. Rxc7 Nb5 54. Rc6+ Ke5 55. Ke3 Kxd5 56. Be4+ Ke5 57. Rc5+ Kd6 58. Rxb5 c2+ 59. Kd2 Rxg3 60. Bxc2 Rxh3 61. Bd3 Ke6 62. Rb6+ Kf7 63. Be2 h5 64. Ke1 Rg3 65. Kf2 h4 66. Bf3 g5 67. Rc6 Kg7 68. Rd6 Kf7 69. Rc6 Kg7 70. Rd6 Kf7 71. Rc6 1/2-1/2

[Event "Titled Tuesday intern op 30th May Late"]
[Site "Chess.com INT"]
[Date "2023.05.30"]
[Round "1"]
[White "Duda, Jan Krzysztof"]
[Black "Prem, Pranav"]
[Result "1-0"]
[WhiteElo "2724"]
[BlackElo "2061"]
[PlyCount "87"]
[EventDate "2023.05.30"]
[EventType "swiss (blitz)"]
[EventRounds "11"]
[EventCountry "USA"]
[SourceTitle "CBM 214 Extra"]
[Source "ChessBase"]
[SourceDate "2023.07.31"]
[SourceVersion "1"]
[SourceVersionDate "2023.07.31"]
[SourceQuality "1"]

1. d4 d5 2. Bf4 Nf6 3. e3 e6 4. Nf3 c5 5. c3 Nc6 6. Nbd2 Bd6 7. Bg3 0-0 8. Bd3 b6 9. Qe2 Bb7 10. e4 Be7 11. e5 Nh5 12. h4 Nxg3 13. fxg3 h6 14. 0-0 Rc8 15. Rf2 Qd7 16. Raf1 cxd4 17. Nxd4 Bc5 18. N2f3 f5 19. exf6 Rxf6 20. Bb5 Qd6 21. Bxc6 Bxc6 22. Ne5 Rxf2 23. Rxf2 Ba4 24. b3 Be8 25. g4 Qe7 26. g3 Bd6 27. Rf3 a5 28. a4 Bc5 29. Kg2 Qd6 30. Qe3 Qe7 31. Kh3 Kh7 32. Rf4 Bd6 33. Ndf3 Bc5 34. Qd3+ Kg8 35. g5 Bh5 36. gxh6 gxh6 37. Ng4 Bxg4+ 38. Rxg4+ Kh8 39. Ne5 Rg8 40. Ng6+ Rxg6 41. Qxg6 Qf8 42. Rf4 Qg7 43. Qxe6 Qf7 44. Rxf7 1-0

[Event "Titled Tuesday intern op 23rd May Late"]
[Site "Chess.com INT"]
[Date "2023.05.23"]
[Round "5"]
[White "Alahakoon, Isuru"]
[Black "Prem, Pranav"]
[Result "1-0"]
[WhiteElo "1819"]
[BlackElo "2061"]
[PlyCount "62"]
[EventDate "2023.05.23"]
[EventType "swiss (blitz)"]
[EventRounds "11"]
[EventCountry "USA"]
[SourceTitle "EXT 2024"]
[Source "ChessBase"]
[SourceDate "2023.10.10"]
[SourceVersion "1"]
[SourceVersionDate "2023.10.10"]
[SourceQuality "1"]

1. Nf3 d5 2. e3 Nf6 3. c4 e6 4. b3 Be7 5. Bb2 Nbd7 6. Nc3 0-0 7. Qc2 c5 8. cxd5 exd5 9. d4 b6 10. Bd3 Bb7 11. 0-0 Rc8 12. Rac1 Bd6 13. Qb1 Qe7 14. Nb5 Bb8 15. dxc5 bxc5 16. Bf5 d4 17. exd4 Bxf3 18. gxf3 cxd4 19. Rfe1 Qb4 20. Nxd4 Qd6 21. Ne2 Qxh2+ 22. Kf1 Rxc1 23. Qxc1 Qh1+ 24. Ng1 Qh5 25. Bh3 Bh2 26. Bg2 Bxg1 27. Kxg1 h6 28. Qd2 Qf5 29. Qd4 Rc8 30. Re7 Rc2 31. Rxd7 Nxd7 1-0

[Event "Titled Tuesday intern op 02nd May Late"]
[Site "Chess.com INT"]
[Date "2023.05.02"]
[Round "6"]
[White "Prem, Pranav"]
[Black "Debray, Christopher"]
[Result "1-0"]
[WhiteElo "2061"]
[BlackElo "2322"]
[PlyCount "101"]
[EventDate "2023.05.02"]
[EventType "swiss (blitz)"]
[EventRounds "11"]
[EventCountry "USA"]
[SourceTitle "EXT 2024"]
[Source "ChessBase"]
[SourceDate "2023.10.10"]
[SourceVersion "1"]
[SourceVersionDate "2023.10.10"]
[SourceQuality "1"]

1. d4 d5 2. c4 e6 3. Nc3 Nf6 4. cxd5 exd5 5. Bg5 c6 6. e3 Bf5 7. Qf3 Bg6 8. Bxf6 Qxf6 9. Qxf6 gxf6 10. Nge2 Bd6 11. h4 h5 12. g3 Na6 13. Nf4 Nc7 14. Rc1 Ne6 15. Be2 Nxf4 16. gxf4 Kd7 17. Kd2 Rae8 18. a3 Re7 19. b4 a6 20. Na4 Rhe8 21. Bf3 Rg8 22. Rhg1 Ree8 23. Nc5+ Kc7 24. Bxd5 cxd5 25. f5 Bxf5 26. Ne4+ Kd8 27. Nxd6 Rxg1 28. Rxg1 Re6 29. Nxf5 Rc6 30. Rg8+ Kd7 31. Rh8 Ke6 32. Ng3 a5 33. Rxh5 axb4 34. axb4 Rc4 35. Rh8 Rxb4 36. Rc8 Rb2+ 37. Rc2 Rb3 38. h5 Ke7 39. h6 Kf8 40. Rc8+ Ke7 41. h7 Rb2+ 42. Kc3 Rxf2 43. h8Q Rf3 44. Qd8+ Ke6 45. Qe8+ Kd6 46. Rd8+ Kc7 47. Qd7+ Kb6 48. Qd6+ Ka7 49. Rd7 Rxe3+ 50. Kb4 Re1 51. Qc5+ 1-0

[Event "Titled Tuesday intern op 7th Mar Late"]
[Site "Chess.com INT"]
[Date "2023.03.07"]
[Round "2"]
[White "Lenderman, Aleksandr"]
[Black "Prem, Pranav"]
[Result "1-0"]
[WhiteElo "2572"]
[BlackElo "2061"]
[PlyCount "73"]
[EventDate "2023.03.07"]
[EventType "swiss (blitz)"]
[EventRounds "11"]
[EventCountry "USA"]
[SourceTitle "EXT 2024"]
[Source "ChessBase"]
[SourceDate "2023.10.10"]
[SourceVersion "1"]
[SourceVersionDate "2023.10.10"]
[SourceQuality "1"]

1. Nf3 d5 2. e3 Nf6 3. c4 e6 4. Nc3 Be7 5. b3 0-0 6. Bb2 c5 7. cxd5 exd5 8. d4 Nc6 9. Be2 Bf5 10. 0-0 Re8 11. Rc1 cxd4 12. Nxd4 Bg6 13. Nxc6 bxc6 14. Na4 Qd7 15. Nc5 Qd6 16. Bd4 Ne4 17. Nd3 Rac8 18. f3 Nf6 19. Bc5 Qb8 20. Qd2 Nd7 21. Bxe7 Rxe7 22. Nf4 Qb6 23. Nxd5 cxd5 24. Rxc8+ Nf8 25. Kf2 Qe6 26. Rfc1 f6 27. Rd8 Re8 28. Rxe8 Bxe8 29. Rc5 Bf7 30. Qd4 g6 31. Rc7 a6 32. Qc5 Nd7 33. Qa7 Ne5 34. f4 Qf5 35. Qc5 h5 36. Rc8+ Kh7 37. Qf8 1-0

[Event "Titled Tuesday intern op 7th Mar Late"]
[Site "Chess.com INT"]
[Date "2023.03.07"]
[Round "6"]
[White "Prem, Pranav"]
[Black "Vaglio Munoz, Jaime"]
[Result "0-1"]
[WhiteElo "2061"]
[BlackElo "2174"]
[PlyCount "94"]
[EventDate "2023.03.07"]
[EventType "swiss (blitz)"]
[EventRounds "11"]
[EventCountry "USA"]
[SourceTitle "EXT 2024"]
[Source "ChessBase"]
[SourceDate "2023.10.10"]
[SourceVersion "1"]
[SourceVersionDate "2023.10.10"]
[SourceQuality "1"]

1. d4 d6 2. c4 e5 3. d5 f5 4. Nc3 Nf6 5. Qc2 g6 6. e4 Bg7 7. Bd3 fxe4 8. Nxe4 0-0 9. Ne2 Na6 10. a3 Nxe4 11. Bxe4 Nc5 12. Ng3 Qh4 13. 0-0 Bh6 14. Bxh6 Qxh6 15. b4 Nxe4 16. Nxe4 Bf5 17. c5 Rf7 18. Rae1 Raf8 19. f3 g5 20. Qd2 Bxe4 21. Rxe4 Rf4 22. Rfe1 g4 23. Rxf4 Qxf4 24. Qxf4 Rxf4 25. fxg4 Rxg4 26. cxd6 cxd6 27. Rc1 Rf4 28. Rc8+ Rf8 29. Rxf8+ Kxf8 30. Kf2 Kf7 31. g4 h5 32. g5 h4 33. Kf3 h3 34. Kg4 Kg6 35. a4 e4 36. Kf4 e3 37. Kxe3 Kxg5 38. Kf3 Kf5 39. Kg3 Ke5 40. Kxh3 Kxd5 41. Kg4 Kc4 42. h4 d5 43. h5 d4 44. h6 d3 45. h7 d2 46. h8Q d1Q+ 47. Kf4 Qd4+ 0-1

[Event "Titled Tuesday intern op 7th Mar Late"]
[Site "Chess.com INT"]
[Date "2023.03.07"]
[Round "4"]
[White "Zampronha, Wladimir Camilo"]
[Black "Prem, Pranav"]
[Result "0-1"]
[WhiteElo "2163"]
[BlackElo "2061"]
[PlyCount "96"]
[EventDate "2023.03.07"]
[EventType "swiss (blitz)"]
[EventRounds "11"]
[EventCountry "USA"]
[SourceTitle "EXT 2024"]
[Source "ChessBase"]
[SourceDate "2023.10.10"]
[SourceVersion "1"]
[SourceVersionDate "2023.10.10"]
[SourceQuality "1"]

1. e4 c5 2. Nf3 d6 3. d4 cxd4 4. Nxd4 Nf6 5. Nc3 a6 6. Bg5 Nbd7 7. f4 b5 8. Qf3 Qc7 9. 0-0-0 Bb7 10. Bd3 g6 11. Rhe1 Bg7 12. Qg3 0-0 13. e5 dxe5 14. fxe5 Nh5 15. Qh4 Bxe5 16. Be4 Nhf6 17. Bxb7 Qxb7 18. Nf3 Bxc3 19. bxc3 Qc6 20. Rxe7 Nd5 21. Nd4 Qd6 22. Ne2 Qa3+ 23. Kb1 N7b6 24. Re4 Na4 25. Rxa4 bxa4 26. Ka1 Rab8 27. Bc1 Qc5 28. Qd4 Qxd4 29. Rxd4 Nf6 30. Bg5 Nh5 31. Rxa4 Rfe8 32. Nc1 Re1 33. Rb4 Rxb4 34. cxb4 Rg1 35. Kb2 Rxg2 36. Be3 Rxh2 37. a4 Nf6 38. b5 axb5 39. a5 Nd7 40. a6 Re2 41. a7 Rxe3 42. a8Q+ Kg7 43. Qb7 Nf6 44. Qb6 Re5 45. Qb8 Re6 46. Nd3 Nd5 47. Qc8 Nb6 48. Nb4 Nxc8 0-1

[Event "Titled Tuesday intern op 28th Feb Late"]
[Site "Chess.com INT"]
[Date "2023.02.28"]
[Round "3"]
[White "Einarsson, Halldor Gretar"]
[Black "Prem, Pranav"]
[Result "0-1"]
[WhiteElo "2209"]
[BlackElo "2061"]
[PlyCount "72"]
[EventDate "2023.02.28"]
[EventType "swiss (blitz)"]
[EventRounds "11"]
[EventCountry "USA"]
[SourceTitle "CBM 213 Extra"]
[Source "ChessBase"]
[SourceDate "2023.05.31"]
[SourceVersion "1"]
[SourceVersionDate "2023.05.31"]
[SourceQuality "1"]

1. d4 d5 2. Nf3 Nf6 3. g3 c5 4. Bg2 Nc6 5. 0-0 e6 6. c4 Be7 7. cxd5 Nxd5 8. e4 Nf6 9. e5 Nd5 10. Nc3 Nxc3 11. bxc3 0-0 12. h4 h6 13. Be3 cxd4 14. cxd4 Nb4 15. Nd2 Nd5 16. Ne4 Bd7 17. Qd2 Kh7 18. Nd6 Bxd6 19. exd6 Bc6 20. Bf4 Kg8 21. Rfe1 Qd7 22. Be4 Nxf4 23. Qxf4 Rfd8 24. d5 exd5 25. Bf5 Qxd6 26. Qxd6 Rxd6 27. Re7 Kf8 28. Rc7 Re8 29. g4 g6 30. Bd3 d4 31. h5 Re7 32. Rc8+ Kg7 33. hxg6 fxg6 34. Rc1 Rf6 35. Rd1 Rf4 36. g5 hxg5 0-1

[Event "Titled Tuesday intern op 28th Feb Late"]
[Site "Chess.com INT"]
[Date "2023.02.28"]
[Round "6"]
[White "Prem, Pranav"]
[Black "Dourerassou, Jonathan"]
[Result "0-1"]
[WhiteElo "2061"]
[BlackElo "2414"]
[PlyCount "105"]
[EventDate "2023.02.28"]
[EventType "swiss (blitz)"]
[EventRounds "11"]
[EventCountry "USA"]
[SourceTitle "CBM 213 Extra"]
[Source "ChessBase"]
[SourceDate "2023.05.31"]
[SourceVersion "1"]
[SourceVersionDate "2023.05.31"]
[SourceQuality "1"]

1. d4 Nf6 2. c4 g6 3. Nc3 Bg7 4. e4 0-0 5. Nf3 d6 6. Be2 Nbd7 7. 0-0 c5 8. d5 a6 9. Nd2 b5 10. cxb5 axb5 11. Bxb5 Ba6 12. a4 Bxb5 13. Nxb5 Ne5 14. Qe2 c4 15. Nxc4 Nxc4 16. Qxc4 Qd7 17. Bd2 Rfc8 18. Qb4 Qg4 19. f3 Qh4 20. Rac1 Nd7 21. Bc3 Bh6 22. Qd4 Ne5 23. Ra1 Rc4 24. Qf2 Qxf2+ 25. Kxf2 Nd3+ 26. Ke2 Nf4+ 27. Kf2 Rcxa4 28. Ra3 Rxa3 29. bxa3 f6 30. Ra1 Nd3+ 31. Ke2 Nc5 32. Bb4 Nb3 33. Rd1 Kf7 34. Nd4 Nc1+ 35. Kf2 Na2 36. Nc6 Nxb4 37. axb4 Ra2+ 38. Kg3 Rb2 39. Ra1 f5 40. Ra7 Bg5 41. f4 Bf6 42. e5 dxe5 43. fxe5 Rb3+ 44. Kf2 Bg5 45. d6 Be3+ 46. Ke2 Bxa7 47. Nxa7 exd6 48. exd6 Ke6 49. b5 Kxd6 50. Kf2 Kc5 51. Nc6 Rxb5 52. Nd8 Kd5 53. Nf7 0-1

[Event "Titled Tuesday intern op 14th Feb Late"]
[Site "Chess.com INT"]
[Date "2023.02.14"]
[Round "7"]
[White "Gonzalez, Francisco Silva"]
[Black "Prem, Pranav"]
[Result "0-1"]
[WhiteElo "2043"]
[BlackElo "2061"]
[PlyCount "66"]
[EventDate "2023.02.14"]
[EventType "swiss (blitz)"]
[EventRounds "11"]
[EventCountry "USA"]
[SourceTitle "CBM 212 Extra"]
[Source "ChessBase"]
[SourceDate "2023.03.31"]
[SourceVersion "1"]
[SourceVersionDate "2023.03.31"]
[SourceQuality "1"]

1. d4 d5 2. c4 e6 3. Nc3 Nf6 4. Bg5 Be7 5. e3 Nbd7 6. Qc2 0-0 7. Nf3 h6 8. cxd5 hxg5 9. dxe6 fxe6 10. Nxg5 Nb6 11. h4 c5 12. dxc5 Bxc5 13. a3 Qe7 14. b4 Bd6 15. Rd1 Bd7 16. Nce4 Rac8 17. Nxf6+ gxf6 18. Qg6+ Qg7 19. Qxg7+ Kxg7 20. Rxd6 fxg5 21. hxg5 Rc1+ 22. Kd2 Ra1 23. f4 Bb5 24. Bxb5 Rxh1 25. Rxe6 Ra1 26. g4 Ra2+ 27. Ke1 Rc8 28. Be2 Rcc2 29. Bd1 Rg2 30. Kf1 Rh2 31. Kg1 Rhd2 32. Be2 Rxe2 33. Kf1 Rec2 0-1

[Event "Titled Tuesday intern op 14th Feb Late"]
[Site "Chess.com INT"]
[Date "2023.02.14"]
[Round "9"]
[White "Prem, Pranav"]
[Black "Aalto, Patrik"]
[Result "1-0"]
[WhiteElo "2061"]
[BlackElo "2193"]
[PlyCount "51"]
[EventDate "2023.02.14"]
[EventType "swiss (blitz)"]
[EventRounds "11"]
[EventCountry "USA"]
[SourceTitle "CBM 212 Extra"]
[Source "ChessBase"]
[SourceDate "2023.03.31"]
[SourceVersion "1"]
[SourceVersionDate "2023.03.31"]
[SourceQuality "1"]

1. d4 f5 2. c4 Nf6 3. Nc3 e6 4. Nf3 Bb4 5. Qc2 b6 6. Bf4 Bb7 7. e3 d6 8. Be2 0-0 9. 0-0 Bxc3 10. Qxc3 Ne4 11. Qc2 Nd7 12. h3 g5 13. Bh2 g4 14. hxg4 fxg4 15. Nd2 Nxd2 16. Qxd2 Nf6 17. Qd1 Rf7 18. Bxg4 Bxg2 19. Bxe6 Bxf1 20. Qxf1 Qe7 21. Qg2+ Kh8 22. Bxf7 Qxf7 23. Qxa8+ Ne8 24. Qd5 Qg6+ 25. Kh1 Nf6 26. Qe6 1-0

[Event "Titled Tuesday intern op 14th Feb Late"]
[Site "Chess.com INT"]
[Date "2023.02.14"]
[Round "6"]
[White "Prem, Pranav"]
[Black "Salimova, Nurgyul"]
[Result "0-1"]
[WhiteElo "2061"]
[BlackElo "2387"]
[PlyCount "86"]
[EventDate "2023.02.14"]
[EventType "swiss (blitz)"]
[EventRounds "11"]
[EventCountry "USA"]
[SourceTitle "CBM 212 Extra"]
[Source "ChessBase"]
[SourceDate "2023.03.31"]
[SourceVersion "1"]
[SourceVersionDate "2023.03.31"]
[SourceQuality "1"]

1. d4 g6 2. c4 Bg7 3. e4 Nc6 4. Nf3 d6 5. Nc3 Bg4 6. Be3 e5 7. d5 Nd4 8. Be2 Bxf3 9. Bxf3 c5 10. 0-0 Ne7 11. Be2 0-0 12. a3 a5 13. Rb1 f5 14. f3 b6 15. b4 axb4 16. axb4 Ra3 17. Bd2 h5 18. exf5 gxf5 19. bxc5 bxc5 20. Nb5 Ra2 21. Bd3 h4 22. Bg5 h3 23. gxh3 Bf6 24. Bh6 Rf7 25. Nxd4 cxd4 26. Kh1 Kh7 27. Qc1 Bh4 28. Rb7 Qe8 29. Rg1 Ng6 30. Rxf7+ Qxf7 31. Bg5 Bf2 32. Rg2 e4 33. fxe4 Ne5 34. Bb1 Re2 35. exf5 Re1+ 36. Qxe1 Bxe1 37. f6+ d3 38. Bh4 Bxh4 39. Rg7+ Qxg7 40. fxg7 Kxg7 41. c5 dxc5 42. d6 c4 43. Kg1 c3 0-1

[Event "Titled Tuesday intern op 07th Feb Late"]
[Site "Chess.com INT"]
[Date "2023.02.07"]
[Round "4"]
[White "Cuenca Jimenez, Jose Fernando"]
[Black "Prem, Pranav"]
[Result "1-0"]
[WhiteElo "2553"]
[BlackElo "2061"]
[PlyCount "71"]
[EventDate "2023.02.07"]
[EventType "swiss (blitz)"]
[EventRounds "11"]
[EventCountry "USA"]
[SourceTitle "EXT 2024"]
[Source "ChessBase"]
[SourceDate "2023.10.10"]
[SourceVersion "1"]
[SourceVersionDate "2023.10.10"]
[SourceQuality "1"]

1. d4 d5 2. c4 e6 3. Nf3 Nf6 4. g3 Bb4+ 5. Bd2 Bd6 6. Nc3 c6 7. Bg5 Nbd7 8. e4 dxe4 9. Nxe4 Bb4+ 10. Nc3 h6 11. Bd2 0-0 12. Bg2 Re8 13. a3 Bd6 14. 0-0 e5 15. Be3 exd4 16. Bxd4 Qc7 17. Re1 Rxe1+ 18. Qxe1 b6 19. Rc1 Ba6 20. Nb5 Bxb5 21. cxb5 c5 22. Nh4 Re8 23. Qd1 Qb8 24. Be3 Bf8 25. Bc6 Rd8 26. Qe2 Bd6 27. Nf5 Bc7 28. f4 Nf8 29. Qc4 Ne6 30. Bf2 Ng4 31. Be1 Nf6 32. Bc3 Ng4 33. Bd5 g6 34. Bxe6 fxe6 35. Qxe6+ Kh7 36. Qf7# 1-0

[Event "Titled Tuesday intern op 07th Feb Late"]
[Site "Chess.com INT"]
[Date "2023.02.07"]
[Round "7"]
[White "Halkias, Stelios"]
[Black "Prem, Pranav"]
[Result "1-0"]
[WhiteElo "2516"]
[BlackElo "2061"]
[PlyCount "67"]
[EventDate "2023.02.07"]
[EventType "swiss (blitz)"]
[EventRounds "11"]
[EventCountry "USA"]
[SourceTitle "EXT 2024"]
[Source "ChessBase"]
[SourceDate "2023.10.10"]
[SourceVersion "1"]
[SourceVersionDate "2023.10.10"]
[SourceQuality "1"]

1. c4 e6 2. Nf3 d5 3. e3 Nf6 4. Nc3 Be7 5. b3 0-0 6. Qc2 c5 7. Bb2 Nc6 8. cxd5 exd5 9. d4 cxd4 10. Nxd4 Nxd4 11. exd4 Re8 12. Be2 Bg4 13. 0-0 Bxe2 14. Nxe2 Bd6 15. Qd3 Qd7 16. Ng3 Ne4 17. Rfe1 Nxg3 18. hxg3 Bb4 19. Re5 f6 20. Rh5 g6 21. Rh4 Rac8 22. Rf4 Kg7 23. Rd1 Re6 24. Bc1 Rce8 25. Be3 Rc6 26. Rf3 Rc3 27. Qb1 Rec8 28. Rf4 Ba3 29. Rh4 Qc6 30. Re1 Qd7 31. Qd1 Qf5 32. Qe2 Rc2 33. Qb5 R8c7 34. Bh6+ 1-0

[Event "Titled Tuesday intern op 07th Feb Late"]
[Site "Chess.com INT"]
[Date "2023.02.07"]
[Round "11"]
[White "Ozen, Bahadir"]
[Black "Prem, Pranav"]
[Result "1/2-1/2"]
[WhiteElo "2369"]
[BlackElo "2061"]
[PlyCount "62"]
[EventDate "2023.02.07"]
[EventType "swiss (blitz)"]
[EventRounds "11"]
[EventCountry "USA"]
[SourceTitle "EXT 2024"]
[Source "ChessBase"]
[SourceDate "2023.10.10"]
[SourceVersion "1"]
[SourceVersionDate "2023.10.10"]
[SourceQuality "1"]

1. g3 d5 2. Nf3 Nf6 3. Bg2 c5 4. 0-0 Nc6 5. d4 e6 6. c4 Be7 7. cxd5 Nxd5 8. Nc3 0-0 9. a3 cxd4 10. Nxd4 Nxc3 11. bxc3 Bd7 12. Rb1 Qc8 13. Nb5 Rd8 14. Nd6 Bxd6 15. Qxd6 Be8 16. Qf4 b6 17. Be3 Rb8 18. c4 e5 19. Qe4 Qe6 20. Rfd1 Qe7 21. a4 Na5 22. c5 Rxd1+ 23. Rxd1 bxc5 24. Qd5 h6 25. Bxc5 Qf6 26. Bd6 Rd8 27. Qxa5 Rxd6 28. Rxd6 Qxd6 29. Qxa7 Qd1+ 30. Bf1 Qxa4 31. Qxa4 Bxa4 1/2-1/2

[Event "Titled Tuesday intern op 07th Feb Late"]
[Site "Chess.com INT"]
[Date "2023.02.07"]
[Round "9"]
[White "Prem, Pranav"]
[Black "Tari, Aryan"]
[Result "0-1"]
[WhiteElo "2061"]
[BlackElo "2656"]
[PlyCount "50"]
[EventDate "2023.02.07"]
[EventType "swiss (blitz)"]
[EventRounds "11"]
[EventCountry "USA"]
[SourceTitle "EXT 2024"]
[Source "ChessBase"]
[SourceDate "2023.10.10"]
[SourceVersion "1"]
[SourceVersionDate "2023.10.10"]
[SourceQuality "1"]

1. d4 d5 2. c4 e6 3. Nc3 c5 4. cxd5 cxd4 5. Qxd4 Nc6 6. Qd1 exd5 7. Qxd5 Bd6 8. Bg5 Nge7 9. Qd2 h6 10. Bh4 Qb6 11. Rd1 Nf5 12. Bg3 Bc5 13. e3 0-0 14. Nd5 Qd8 15. Nf3 Nxg3 16. hxg3 Be6 17. a3 Ne7 18. Nxe7+ Qxe7 19. Bd3 Rfd8 20. Qc2 Rac8 21. Qb1 Bb3 22. Rd2 Bxe3 23. fxe3 Qxe3+ 24. Be2 Rxd2 25. Nxd2 Re8 0-1

[Event "Titled Tuesday intern op 24th Jan Late"]
[Site "Chess.com INT"]
[Date "2023.01.24"]
[Round "9"]
[White "Prem, Pranav"]
[Black "Novikova, Margarita"]
[Result "1-0"]
[WhiteElo "2061"]
[BlackElo "2013"]
[PlyCount "49"]
[EventDate "2023.01.24"]
[EventType "swiss (blitz)"]
[EventRounds "11"]
[EventCountry "USA"]
[SourceTitle "EXT 2024"]
[Source "ChessBase"]
[SourceDate "2023.10.10"]
[SourceVersion "1"]
[SourceVersionDate "2023.10.10"]
[SourceQuality "1"]

1. d4 e5 2. dxe5 Nc6 3. Nf3 Qe7 4. Bf4 Qb4+ 5. Bd2 Qxb2 6. Nc3 Bb4 7. Rb1 Qa3 8. Rb3 Qa5 9. a3 Bxc3 10. Bxc3 Qa4 11. e3 a6 12. Bd3 Qg4 13. h3 Qxg2 14. Rh2 Qxh2 15. Nxh2 Nge7 16. Qg4 Ng6 17. e6 dxe6 18. Bxg7 Rg8 19. Bf6 Nge7 20. Qh4 Na5 21. Bxe7 Nxb3 22. cxb3 Bd7 23. Bf6 Rg1+ 24. Ke2 Bc6 25. Qb4 1-0

[Event "Titled Tuesday intern op 22nd Nov Late"]
[Site "Chess.com INT"]
[Date "2022.11.22"]
[Round "11"]
[White "Aghasiyev, Kamal"]
[Black "Prem, Pranav"]
[Result "1-0"]
[WhiteElo "2441"]
[BlackElo "2061"]
[PlyCount "111"]
[EventDate "2022.11.22"]
[EventType "swiss (blitz)"]
[EventRounds "11"]
[EventCountry "USA"]
[SourceTitle "CBM 211 Extra"]
[Source "ChessBase"]
[SourceDate "2023.01.31"]
[SourceVersion "1"]
[SourceVersionDate "2023.01.31"]
[SourceQuality "1"]

1. d4 d5 2. Nf3 Nf6 3. Bf4 e6 4. e3 c5 5. c3 Nc6 6. Nbd2 Bd6 7. Bg3 0-0 8. Bb5 Ne7 9. 0-0 Nf5 10. Qe2 a6 11. Ba4 b5 12. Bc2 Nxg3 13. hxg3 Bb7 14. e4 dxe4 15. Nxe4 Nxe4 16. Bxe4 Bxe4 17. Qxe4 cxd4 18. Rad1 Qf6 19. Rxd4 Bc5 20. Rd7 Rfc8 21. Ne5 Rf8 22. b4 Ba7 23. g4 Bb8 24. Qxa8 Qxe5 25. g3 Qxc3 26. Qe4 Be5 27. Rd3 Qb2 28. a3 Bf6 29. Rfd1 Qc2 30. Kg2 h6 31. Qf3 Qc4 32. Qe2 Rc8 33. f3 Qc7 34. Qe4 Qc2+ 35. R1d2 Qc7 36. Rd7 Qc3 37. f4 Qa1 38. Qd3 Rc1 39. Rd1 Rxd1 40. Qxd1 Qxa3 41. Qd3 Qb2+ 42. Kf3 Qxb4 43. Rc7 g6 44. Rc8+ Kg7 45. Rc7 Qa4 46. Qd7 Qb3+ 47. Kg2 e5 48. f5 gxf5 49. Qxf5 Qb2+ 50. Kh3 Qa1 51. Qe4 Qf1+ 52. Kh2 Qf2+ 53. Qg2 Qe1 54. Rc6 e4 55. Qa2 a5 56. Rc7 1-0

[Event "Titled Tuesday intern op 22nd Nov Late"]
[Site "Chess.com INT"]
[Date "2022.11.22"]
[Round "5"]
[White "Pinheiro, Iung Alicio"]
[Black "Prem, Pranav"]
[Result "1-0"]
[WhiteElo "2320"]
[BlackElo "2061"]
[PlyCount "157"]
[EventDate "2022.11.22"]
[EventType "swiss (blitz)"]
[EventRounds "11"]
[EventCountry "USA"]
[SourceTitle "CBM 211 Extra"]
[Source "ChessBase"]
[SourceDate "2023.01.31"]
[SourceVersion "1"]
[SourceVersionDate "2023.01.31"]
[SourceQuality "1"]

1. e4 c5 2. Nf3 d6 3. Nc3 Nf6 4. e5 dxe5 5. Nxe5 Nbd7 6. d4 e6 7. Bb5 a6 8. Bxd7+ Bxd7 9. Be3 Qc7 10. Nxd7 Nxd7 11. d5 Nf6 12. dxe6 fxe6 13. Qf3 Bd6 14. Qh3 Qf7 15. 0-0-0 0-0-0 16. Na4 Qe7 17. Rhe1 Rhe8 18. Nb6+ Kb8 19. Qf3 Bc7 20. Na4 Bd6 21. b3 Qc7 22. g3 h6 23. c4 Ka8 24. Kc2 Nd7 25. Nc3 Ne5 26. Qe2 Rf8 27. f4 Nc6 28. Qf3 Nb4+ 29. Kb2 e5 30. f5 g6 31. g4 gxf5 32. gxf5 Qc8 33. Rf1 Bc7 34. Nd5 Nxd5 35. cxd5 Bd6 36. Qe4 Qc7 37. Rc1 Rg8 38. Rf2 a5 39. f6 Rgf8 40. Rcf1 Rf7 41. Rf5 Rh8 42. h4 h5 43. Bg5 Qd7 44. Qa4 Qxa4 45. bxa4 b6 46. Kc3 Kb7 47. Kc4 Ka6 48. Rb1 Rhh7 49. Rf2 Rb7 50. Rfb2 Rhf7 51. Rf1 Rh7 52. Rbf2 Rhf7 53. Rf5 Ka7 54. Be3 Rh7 55. Rg5 Rbf7 56. Rgf5 Kb7 57. Bd2 Kc7 58. Bg5 Kb7 59. Rb1 Ka7 60. Kb5 Kb7 61. Rbf1 Kc7 62. R1f2 Rh8 63. Kc4 Rhh7 64. Bd2 Rh8 65. Rg5 Rhf8 66. Rg6 Rh8 67. Bg5 Rhh7 68. Kd3 Kd7 69. Ke4 Rh8 70. Kf5 Bc7 71. Rg7 Rhf8 72. Kg6 Ke8 73. Rxf7 Rxf7 74. Kxh5 c4 75. Kg6 e4 76. h5 Be5 77. h6 c3 78. h7 e3 79. h8Q+ 1-0